The 1960s Movies Picture Quiz - Statistics

General Stats
  • This quiz has been taken 1,390 times
  • The average score is 22 of 50
Answer Stats
Picture Hint Answer % Correct
1966 Batman
92%
1963 Cleopatra
91%
1967 The Jungle Book
91%
1960 Psycho
90%
1965 The Sound of Music
89%
1964 Mary Poppins
86%
1962 Lawrence of Arabia
83%
1966 The Good, the Bad and the Ugly
77%
1961 Breakfast at Tiffany's
75%
1968 Planet of the Apes
74%
1968 2001: A Space Odyssey
73%
1963 The Birds
72%
1967 The Graduate
66%
1961 West Side Story
64%
1964 Goldfinger
61%
1960 Spartacus
58%
1967 Bonnie and Clyde
53%
1968 Chitty Chitty Bang Bang
53%
1964 Dr. Strangelove / How I Learned to Stop Worrying and Love the Bomb
53%
1963 The Great Escape
48%
1969 Midnight Cowboy
47%
1969 Butch Cassidy and the Sundance Kid
42%
1968 Rosemary's Baby
42%
1964 My Fair Lady
41%
1961 Blue Hawaii
40%
1960 Ocean's 11
38%
1969 True Grit
38%
1967 Guess Who's Coming to Dinner
35%
1960 The Apartment
35%
1969 The Italian Job
33%
1965 For a Few Dollars More
32%
1965 Doctor Zhivago
31%
1968 Funny Girl
31%
1962 The Manchurian Candidate
24%
1965 Thunderball
24%
1964 Zorba the Greek
24%
1962 The Music Man
23%
1967 The Dirty Dozen
21%
1966 A Man For All Seasons
19%
1961 The Guns of Navarone
16%
1962 The Longest Day
16%
1966 Who's Afraid of Virginia Woolf?
16%
1961 El Cid
12%
1962 Lolita
12%
1963 Tom Jones
12%
1965 The Great Race
11%
1960 The Alamo
10%
1966 Grand Prix
8%
1969 Anne of the Thousand Days
7%
1963 The Leopard
7%
No matching quizzes found
Score Distribution
Percent of People with Each Score
Percentile by Number Answered
Your Score History
You have not taken this quiz